Φίλμ : περιοδική έκδοση των οπτικοακουστικών τεχνών

Αποθηκεύτηκε σε:
Λεπτομέρειες βιβλιογραφικής εγγραφής
Άλλοι συγγραφείς: Καραϊσκάκη, Τασούλα (edtf), Τριανταφυλλίδη, Ευαγγελία (edtf)
Μορφή: Βιβλίο
Γλώσσα:Greek
Δημοσίευση: Αθήνα : Καστανιώτη, 1986.
Θέματα:
Ετικέτες: Προσθήκη ετικέτας
Δεν υπάρχουν, Καταχωρήστε ετικέτα πρώτοι!

MARC

LEADER 00000cam a2200000 i 4500
001 1/57015
008 941103s1986 gr | ||| |||| ||gre||
035 |a 1994  |c ΒΙΒΛΙΟΘΗΚΗ  |l 10045667 
040 |a GR-MyUA  |b gre  |e AACR2 
041 0 |a gre 
082 0 |a 791.43  
245 1 0 |a Φίλμ :   |b περιοδική έκδοση των οπτικοακουστικών τεχνών /   |c επιμέλεια τεύχους Τασούλα Καραΐσκάκη, Ευαγγελία Τριανταφυλλίδη.  
260 |a Αθήνα :   |b Καστανιώτη,   |c 1986.  
300 |a 110 σ. :   |b εικ. ;   |c 21 εκ.  
505 0 |a Τ. 32. Θεωρητικά και προγραμματικά κείμενα / Laszlo Moholy Nagy.  
650 0 0 |a Motion pictures  |x Reviews. 
650 0 0 |a Motion picture plays  |x History and criticism  |x Reviews. 
650 0 0 |a Art and motion pictures  |x Reviews. 
700 1 |a Καραϊσκάκη, Τασούλα,  |e edtf 
700 1 |a Τριανταφυλλίδη, Ευαγγελία,  |e edtf 
852 |a INST  |b SAMOS  |e 19941103  |h 791.43 ΦΙΛ  |p 005300012123  |q 005300012123  |t BK  |y 0 
909 |a Σ  |b 034678